| 000 | 00000nam##2200000za#4500 |
| 001 | 9.581045 |
| 003 | CaOODSP |
| 005 | 20210624191330 |
| 007 | cr ||||||||||| |
| 008 | 150406|2003||||xxc|||||o f|0| 0 eng|d |
| 040 | |aCaOODSP|beng |
| 043 | |an-cn--- |
| 086 | 1 |aNH18-22/103-106E-PDF |
| 110 | 2 |aCanada Mortgage and Housing Corporation. |
| 245 | 10|aCooling rates of houses during extended power failures |h[electronic resource] |
| 250 | |aRevised 2006 |
| 260 | |aOttawa - Ontario : |bCanada Mortgage and Housing Corporation |cc2003, 2006. |
| 300 | |a4p.|btables |
| 490 | 1 |aResearch highlight. Technical series |v03-106 |
| 500 | |aFile reproduced from original print. |
| 590 | |a14-19-Supp|b2014-11-03 |
| 775 | 08|tRefroidissement des maisons pendant de longues pannes de courant |w(CaOODSP)9.607917 |
| 776 | 0#|tCooling rates of houses during extended power failures |w(CaOODSP)9.616525 |
| 830 | #0|aResearch highlight. Technical series ;|v03-106|w(CaOODSP)9.504482 |
| 856 | 40|ahttp://publications.gc.ca|qPDF|s564 KB|uhttps://publications.gc.ca/collections/collection_2014/schl-cmhc/NH18-22-103-106-eng.pdf|y03-106 |